Nuevo Océano UNO (Registro nro. 2066)

Detalles MARC
000 -LEADER
fixed length control field 02222nam a22002177a 4500
003 - CONTROL NUMBER IDENTIFIER
control field OSt
005 - DATE AND TIME OF LATEST TRANSACTION
control field 20260413083836.0
008 - FIXED-LENGTH DATA ELEMENTS--GENERAL INFORMATION
fixed length control field 260413b |||||||| |||| 00| 0 spa d
020 ## - INTERNATIONAL STANDARD BOOK NUMBER
International Standard Book Number 9788449430633
082 ## - DEWEY DECIMAL CLASSIFICATION NUMBER
Edition number 9788449430633
Classification number 9788449430633
Item number 9788449430633
100 ## - MAIN ENTRY--PERSONAL NAME
Personal name Carlos Gispert
245 ## - TITLE STATEMENT
Title Nuevo Océano UNO
Remainder of title Diccionario Enciclopédico Color
250 ## - EDITION STATEMENT
Edition statement 1ra edición
260 ## - PUBLICATION, DISTRIBUTION, ETC.
Place of publication, distribution, etc. Barcelona, España
Name of publisher, distributor, etc. Editorial Océano
Date of publication, distribution, etc. 2005
300 ## - PHYSICAL DESCRIPTION
Extent 1,792 pág
Other physical details Incluye léxico
Dimensions 15 x 22.5 cm
Accompanying material CD-ROM
490 ## - SERIES STATEMENT
Materials specified tapa dura (cartoné)
520 ## - SUMMARY, ETC.
Summary, etc. El objetivo principal del Nuevo Océano UNO es ofrecer una herramienta de consulta integral que fusiona, en un solo volumen, la precisión de un diccionario de la lengua con la profundidad informativa de una enciclopedia moderna. Su diseño busca resolver dudas lingüísticas inmediatas mientras proporciona un contexto cultural, histórico y científico amplio para el usuario.<br/>En su faceta lingüística, el diccionario tiene como meta registrar el léxico actual del español, incluyendo no solo las definiciones normativas, sino también una vasta selección de americanismos, neologismos y tecnicismos. Esto permite que hablantes de diferentes regiones geográficas encuentren un lenguaje común y actualizado, adaptado a las necesidades de la comunicación contemporánea.<br/>Como obra enciclopédica, su propósito es sintetizar el conocimiento humano en áreas clave como la geografía, la historia, el arte y las ciencias. Gracias a su abundante material visual a todo color, mapas y tablas cronológicas, el libro busca facilitar el aprendizaje visual y la rápida localización de datos biográficos o eventos históricos de relevancia global.<br/>Finalmente, esta edición tiene un enfoque marcadamente pedagógico y familiar, diseñado para ser el primer punto de referencia en el hogar o la escuela. Al estructurar la información de manera clara y atractiva, busca fomentar el hábito de la investigación autónoma y proporcionar una base sólida de cultura general para estudiantes y lectores curiosos.
650 ## - SUBJECT ADDED ENTRY--TOPICAL TERM
Topical term or geographic name entry element Léxico y Filología
Form subdivision Ciencias Naturales y Exactas
General subdivision Humanidades y Geografía
700 ## - ADDED ENTRY--PERSONAL NAME
Personal name Carlos Gispert
942 ## - ADDED ENTRY ELEMENTS (KOHA)
Source of classification or shelving scheme Dewey Decimal Classification
Koha item type Acceso Libre
Suppress in OPAC No
Existencias
Withdrawn status Lost status Source of classification or shelving scheme Damaged status Not for loan Collection Home library Current library Shelving location Date acquired Source of acquisition Coded location qualifier Inventory number Total checkouts Full call number Barcode Date last seen Copy number Price effective from Koha item type
    Dewey Decimal Classification     Estantería F Fila 2 Biblioteca Stanford Biblioteca Stanford Biblioteca Abierta 13.04.2026 Diccionario 0490 0490   LECTURA BIBLIO0490 13.04.2026 1 13.04.2026 Acceso Libre
Bienvenido a nuestra Biblioteca